00620nam a22001697a 450000500170000001000130001702000260003003500110005603700130006708200070008010000450008724500900013224600610022226000520028327000920033530000230042720201125144943.0 aUR-10940 c150.00a9789390100385 aU-9495 bDBAD/PUB aک aمنا ظر عا شق ہر گا نو ی  aکر و نا وا ير س :ا فسا نچےcمنا ظر عا شق ہر گا نو ی  bCorona Virus Afsanche (Urdu)aby Manazir Ashiq Harganvi  aN.Delhi bEducational Publishing Housec2020 ء aH.O.D1/16,Ansari Road,Darya ganj,bN.Delhie110002k45678285,23216162l0091-11-23211540 a144 ص c22 Cm(Hb)